| 000 | 00755nam a2200241 i 4500 | ||
|---|---|---|---|
| 003 | DO-SdBNP | ||
| 005 | 20260120075410.0 | ||
| 007 | ta | ||
| 008 | 251007b2004 dr ||||| |||| 00| 0 spa d | ||
| 040 |
_aDO-SdBNP _bspa _cBNPHU _erda |
||
| 041 | _aspa | ||
| 082 | 4 |
_axxx _bR426r 2004 _222 |
|
| 110 | 1 |
_aRepública Dominicana. _bSuperintendencia de Bancos. _937256 |
|
| 245 | 1 | 0 | _aReglamento interno y manual de recursos humanos |
| 264 | 1 |
_aSanto Domingo, República Dominicana : _bSuperintendencia de Bancos, _c2004. |
|
| 300 |
_a61 páginas ; _c22 cm. |
||
| 336 |
_atexto _btxt _2rdacontent |
||
| 337 |
_asin mediación _bn _2rdamedia |
||
| 338 |
_avolumen _bnc _2rdacarrier |
||
| 590 | _aInventariado, 2026/BT | ||
| 910 | _aBtavárez | ||
| 942 |
_2ddc _cLBS1 |
||
| 999 |
_c60118 _d60118 |
||